Автономные системы генерирования электроэнергии с самовозбуждением электрических машин; Электронные средства и системы управления; Ч . 1
| Parent link: | Электронные средства и системы управления: материалы докладов VIII Международной научно-практической конференции, посвященной 50-летию ТУСУРа, 8-10 ноября 2012 г., Томск/ Томский государственный университет систем управления и радиоэлектроники (ТУСУР).— , 2012 Ч . 1.— 2012.— [С. 99-103] |
|---|---|
| Автор: | |
| Співавтор: | |
| Інші автори: | |
| Резюме: | Заглавие с экрана Рассмотрены принципы генерирования электроэнергии в автономных системах электроснабжения на основе электрических машин с самовозбуждением. Показана общность процессов самовозбуждения в электрических машинах постоянного тока, асинхронных и синхронно-гистерезисных. Представлены результаты моделирования процессов самовозбуждения. Показана возможность построения регулируемых систем генерирования с полупроводниковыми преобразователями. Режим доступа: по договору с организацией-держателем ресурса |
| Мова: | Російська |
| Опубліковано: |
2012
|
| Предмети: | |
| Онлайн доступ: | http://elibrary.ru/item.asp?id=23035141 |
| Формат: | Електронний ресурс Частина з книги |
| KOHA link: | https://koha.lib.tpu.ru/cgi-bin/koha/opac-detail.pl?biblionumber=642799 |
MARC
| LEADER | 00000naa0a2200000 4500 | ||
|---|---|---|---|
| 001 | 642799 | ||
| 005 | 20250604142531.0 | ||
| 035 | |a (RuTPU)RU\TPU\network\7764 | ||
| 090 | |a 642799 | ||
| 100 | |a 20150811d2012 k||y0rusy50 ca | ||
| 101 | 0 | |a rus | |
| 102 | |a RU | ||
| 135 | |a drnn ---uucaa | ||
| 181 | 0 | |a i | |
| 182 | 0 | |a b | |
| 200 | 1 | |a Автономные системы генерирования электроэнергии с самовозбуждением электрических машин |f А. Г. Гарганеев, Д. А. Падалко | |
| 203 | |a Текст |c электронный | ||
| 300 | |a Заглавие с экрана | ||
| 320 | |a [Библиогр.: с. 103 (8 назв.)] | ||
| 330 | |a Рассмотрены принципы генерирования электроэнергии в автономных системах электроснабжения на основе электрических машин с самовозбуждением. Показана общность процессов самовозбуждения в электрических машинах постоянного тока, асинхронных и синхронно-гистерезисных. Представлены результаты моделирования процессов самовозбуждения. Показана возможность построения регулируемых систем генерирования с полупроводниковыми преобразователями. | ||
| 333 | |a Режим доступа: по договору с организацией-держателем ресурса | ||
| 461 | |t Электронные средства и системы управления |o материалы докладов VIII Международной научно-практической конференции, посвященной 50-летию ТУСУРа, 8-10 ноября 2012 г., Томск |o в 2 ч. |f Томский государственный университет систем управления и радиоэлектроники (ТУСУР) |d 2012 | ||
| 463 | |t Ч . 1 |v [С. 99-103] |d 2012 | ||
| 610 | 1 | |a электронный ресурс | |
| 610 | 1 | |a труды учёных ТПУ | |
| 610 | 1 | |a электрические машины | |
| 610 | 1 | |a генераторы | |
| 610 | 1 | |a полупроводниковые преобразователи | |
| 610 | 1 | |a инверторы | |
| 610 | 1 | |a выпрямители | |
| 700 | 1 | |a Гарганеев |b А. Г. |c специалист в области электротехники |c профессор Томского политехнического университета, доктор технических наук |f 1955- |g Александр Георгиевич |3 (RuTPU)RU\TPU\pers\27965 | |
| 701 | 1 | |a Падалко |b Д. А. |c специалист в области электротехники |c ассистент Томского политехнического университета |f 1991- |g Дмитрий Андреевич |3 (RuTPU)RU\TPU\pers\35014 | |
| 712 | 0 | 2 | |a Национальный исследовательский Томский политехнический университет (ТПУ) |b Энергетический институт (ЭНИН) |b Кафедра электротехнических комплексов и материалов (ЭКМ) |3 (RuTPU)RU\TPU\col\20031 |
| 801 | 2 | |a RU |b 63413507 |c 20150811 |g RCR | |
| 850 | |a 63413507 | ||
| 856 | 4 | |u http://elibrary.ru/item.asp?id=23035141 |z http://elibrary.ru/item.asp?id=23035141 | |
| 942 | |c CF | ||